000 01721cam a2200157 4500500
005 20251228045824.0
041 _afre
042 _adc
100 1 0 _aBeaucire, Francis
_eauthor
245 0 0 _aLes plans de déplacements urbains, Jean-Marc Offner La documentation française, 2006. 16 x 24
260 _c2005.
500 _a79
520 _aDans un contexte plutôt pessimiste, la contribution de Jacques Chauvineau sous forme d’un rapport au Ministre de l’Équipement et au Secrétaire d’État aux Transports et à la Mer, ne manque ni d’originalité ni de pertinence. Alors que la SNCF sabre un grand nombre de dessertes fret jugées trop peu rémunératrices, essentiellement sur des lignes à faible trafic qui se retrouvent de facto menacées, on perçoit l’amertume de nombreux chargeurs, livrés à leur corps défendant au mode routier, et l’inquiétude des collectivités locales quant à la pérennité d’un tissu économique local que les arrêts de desserte pourraient fragiliser.Une approche territoriale des dessertes Fret s’impose : les acteurs économiques locaux et les collectivités territoriales ne veulent pas être coupés du reste de l’Europe et veulent fonder leur stratégie de développement sur le mode ferroviaire. Pour les satisfaire, Jacques Chauvineau propose l’émergence d’opérateurs de proximité, analogues aux Shortlines nord-américaines ou suédoises, et jette les bases d’une série d’expérimentations qui est en cours de démarrage à l’heure actuelle.
786 0 _nTransports urbains | 108 | 2 | 2005-11-02 | p. 31c-31c | 0397-6521
856 4 1 _uhttps://stm.cairn.info/revue-transports-urbains-2005-2-page-31c?lang=fr&redirect-ssocas=7080
999 _c1579290
_d1579290